| 000 | 00517nam a2200205Ia 4500 | ||
|---|---|---|---|
| 005 | 20240425134501.0 | ||
| 008 | 131103s9999 xx 000 0 und d | ||
| 040 | _aLoreto College | ||
| 041 | _aEnglish | ||
| 082 |
_a371.3 _bALB |
||
| 100 | _aAlberty, Harold | ||
| 245 |
_aReorganizing the High-School Curriculum _cHarold Alberty |
||
| 250 | _aRev. ed. | ||
| 260 |
_aNew York _bMacmillan _cix,560p. |
||
| 300 | _a 22cm. | ||
| 504 | _aIncludes index | ||
| 650 | _aEducation | ||
| 850 | _aLCBED | ||
| 942 | _cBK | ||
| 999 |
_c27418 _d77897 |
||